LEADER 01161nam a2200277 i 4500 001 000000177395 003 CaOOAMICUS 005 20230222111107.0 008 090204s1953 it u000 u mul u 013 $a154929 040 $aSeMil$bita 100 0 $aAristoteles,$d<384-322 a.C.>.$0(OLS)http://semarc/name/1263 245 10$aPetits traités d'histoire naturelle /$cAristote ; texte établi et traduit par René Mugnier. 260 $aParis :$bLes Belles Lettres,$c1953. 300 $a134 p. ;$c21 cm. 490 0 $aCollection des Universités de France 650 4$aAristotele <384-322 a.C.> - Opere biologiche.$0(OLS)http://semarc/subject/12187 700 1 $aMugnier, René.$0(OLS)http://semarc/name/66010 830 0$aCollection des Universités de France.$0(OLS)http://semarc/title/6036 850 $aSeMil 852 $aSeMil$W1$xVenegono$y1$m1Z VI 33$j237539$B128206$CSeMilBibl$Z2$F139046 $81 900 0 $aAristotele. 996 $6245$aPetits traités d'histoire naturelle$9(OLS)http://semarc/title/254770 996 $6260$aParis :$bLes Belles Lettres$9(OLS)http://semarc/publisher/30422 LEADER 01457nam a2200313 i 4500 001 000000009029 003 CaOOAMICUS 005 20260309123903.0 008 180830s1999 it u000 u ita u 020 $a88-04-45774-0 040 $aSeMil$bita 130 0 $aBibbia.$0(OLS)http://semarc/title/402691 245 03$aLa Sacra Bibbia /$ctradotta in lingua italiana e commentata da Giovanni Diodati ; a cura di Michele Ranchetti e Milka Ventura Avanzinelli. 264 1$aMilano :$bMondadori,$c1999. 300 $a3 v. ;$c18 cm. 490 1 $aI Meridiani 500 $aIn cofanetto 700 1 $aDiodati, Giovanni,$d<1576-1649>.$0(OLS)http://semarc/name/4478 700 1 $aVentura Avanzinelli, Milka,$d<1948- >.$0(OLS)http://semarc/name/4480 700 1 $aRanchetti, Michele,$d<1925- >.$0(OLS)http://semarc/name/4479 774 0 $tLibri del Vecchio Testamento. Tomo 1.$dMilano : Mondadori, 1999.$z88-04-46085-7$w()113874 774 0 $tLibri del Vecchio Testamento. Tomo 2.$dMilano : Mondadori, 1999.$z88-04-46086-5$w()113876 774 0 $tLibri del Nuovo Testamento ; I Libri Apocrifi.$dMilano : Mondadori, 1999.$z88-04-46087-3$w()113878 830 2$aI Meridiani.$0(OLS)http://semarc/title/6832 941 1 $a4 996 $6020$a88-04-45774-0$9(OLS)http://semarc/number/868 996 $6245$aLa Sacra Bibbia$9(OLS)http://semarc/title/6535 996 $6264$aMilano :$bMondadori$9(OLS)http://semarc/publisher/30335